Chemistry of the Elements (Record no. 113932)

MARC details
000 -LEADER
fixed length control field 00365nam a2200121Ia 4500
008 - FIXED-LENGTH DATA ELEMENTS--GENERAL INFORMATION
fixed length control field 211119s9999||||xx |||||||||||||| ||und||
082 ## - DEWEY DECIMAL CLASSIFICATION NUMBER
Classification number 820 G_WYL
Item number WYL-C
100 ## - MAIN ENTRY--PERSONAL NAME
Personal name Wyld, Henry Cecil
245 #0 - TITLE STATEMENT
Title Chemistry of the Elements
260 ## - PUBLICATION, DISTRIBUTION, ETC.
Name of publisher, distributor, etc. Pearson
Place of publication, distribution, etc. 2000
Date of publication, distribution, etc. New York
650 ## - SUBJECT ADDED ENTRY--TOPICAL TERM
Topical term or geographic name entry element Literature
942 ## - ADDED ENTRY ELEMENTS (KOHA)
Koha item type BOOK
650 ## - SUBJECT ADDED ENTRY--TOPICAL TERM
Form subdivision English & old english literatureChemistry
General subdivision General Stack
Holdings
Withdrawn status Lost status Source of classification or shelving scheme Damaged status Not for loan Home library Current library Date acquired Cost, normal purchase price Full call number Barcode Shelving location Date last seen Price effective from Koha item type
    Dewey Decimal Classification     SB LIBRARY SB LIBRARY 19/11/2021 650.00 541 GRE-C 00127390 GENERAL STACK 19/11/2021 19/11/2021 BOOK

Powered by Koha